| 000 | 00650nam a22002417a 4500 | ||
|---|---|---|---|
| 999 |
_c33470 _d33470 |
||
| 001 | 2700 | ||
| 003 | CO-MdFUSB | ||
| 005 | 20170829094752.0 | ||
| 008 | 170829t1998 xxu||||| |||| 00| 0 s d | ||
| 020 | _a0-8297-1510-X | ||
| 040 |
_aCO-MdFUSB _bspa _cCO-MdFUSB _dCO-MdFUSBC _erda |
||
| 041 | 0 | _aspa | |
| 082 | 0 | 4 | _aG 223 H6981l |
| 100 | 1 |
_aHoff, Pablo (Paul) _eautor |
|
| 245 | 0 |
_aLibros poéticos _c/ Pablo Hoff |
|
| 264 | 4 |
_aMiami, FL., USA : _bVida, _c©1998 |
|
| 300 | _a286 Pag | ||
| 336 |
_2rdacontent _a1 _ba1 |
||
| 337 |
_2rdamedia _a2 _b5 |
||
| 338 |
_2rdacarrier _a2 _b5 |
||
| 653 | _aBiblia A.T.- Escritos - Introducciones | ||
| 942 | _cBK | ||